Statystyki dla Dzielnice Poznania

Kliknij tutaj aby rozwiązać quiz!

Ogólne statystyki

  • Ten quiz został rozwiązany 62 razy
  • Średni wynik to 11 z 38

Statystyki odpowiedzi

Odpowiedź% Poprawnych
Wilda
70%
Jeżyce
66%
Stare Miasto
61%
Górczyn
57%
Piątkowo
55%
Rataje
55%
Junikowo
50%
Starołęka
50%
Ogrody
39%
Ostrów Tumski-Śródka-Zawady-Komandoria
38%
Naramowice
36%
Sołacz
34%
Żegrze
34%
Ławica
30%
Antoninek-Zieliniec-Kobylepole
27%
Strzeszyn
27%
Winiary
27%
Grunwald Północ
25%
Podolany
25%
Chartowo
21%
Kiekrz
21%
Fabianowo-Kotowo
20%
Grunwald Południe
20%
Krzesiny-Pokrzywno-Garaszewo
20%
Krzyżowniki-Smochowice
20%
Wola
20%
Główna
18%
Morasko-Radojewo
18%
Warszawskie-Pomet-Maltańskie
18%
Kwiatowe
16%
Stare Winogrady
13%
Stary Grunwald
11%
Głuszyna
9%
Jana III Sobieskiego i Marysieńki
9%
Zielony Dębiec
9%
Nowe Winogrady Północ
5%
Nowe Winogrady Południe
5%
Nowe Winogrady Wschód
5%

Rozkład punktacji

Percentyl według liczby udzielonych odpowiedzi

Procent ludzi z każdym wynikiem

Twoja historia wyników

Nie rozwiązałeś tego quizu